00912cam a2200277 a 450000100100000000500170001000800410002702000310006802000220009904000180012108200190013910000640015824000170022224500360023926000680027530000170034349000220036050400420038250000370042450500500046165000240051165000210053565000170055665000370057383000240061000001056520200929162241.0960612m1995 sp b 000 0 spa d a8475064329 (obra completa) a8489794448 (t. 2) aDO-SdBNPcDLC a868.5bV162ó1 aValera, Juan,d1824-1905.q(Juan Valera y Alcalá-Galiano)10aWorks.f199510aObras completas /cJuan Valera. aMadrid :bTurner,bFundación José Antonio de Castro,c1995. av. ;c23 cm.1 aBiblioteca Castro aIncluye referencias bibliográficas. aLa biblioteca posee el volumen 11 aCuentos. Narraciones inacabadas. Traducciones 4aCuentos españoles 4aTeatro español 4aTraducciones 4aLiteratura españolaySIGLO XIX 0aBiblioteca Castro ;